000 00574nam a22002057a 4500
999 _c7462
_d7462
003 OSt
005 20211112123505.0
008 211112b ||||| |||| 00| 0 eng d
020 _a0415418224
040 _cDDC
082 _a307.76 MEL 2007
100 _aMellor,J.R
_915287
245 _aUrban sociology in an urbanized society
260 _aLondon ;
_b Routledge:
_c2007
300 _axvi, 309, 15 p. ;
_c 23 cm
504 _a Includes bibliographical references and index
650 _aSociology, Urban
_915281
650 _aUrbanization
_912203
942 _2ddc
_cBOOK